Les plus grande villes traversees par la Seine - Statistiques

Statistiques générales
  • Ce quiz a été pris 83 fois
  • Le résultat moyen est 6 sur 13
Statistiques - réponses
Population Villes % Correct
2.161 m Paris
100%
172,366 Le Havre
93%
110,169 Rouen
90%
117,931 Boulogne Billancourt
58%
93,742 Nanterre
53%
111,103 Saint Denis
45%
110,388 Argenteuil
39%
62,052 Ivry sur Seine
31%
92,531 Vitry sur Seine
29%
69,093 Issy Les Moulineaux
26%
78,794 Rueil Malmaison
23%
50,412 Corbeil Essonnes
9%
52,538 Sartrouville
9%
Aucun quiz correspondant
Distribution des résultats
% des personnes avec chaque résultat
Percentile par nombre de réponses
Votre historique - résultats
Vous n’avez pas pris ce quiz